000 005310000a22001810004500
041 0 _aSPA
082 0 4 _aG 266.1 S2836h
100 1 _aScanlon, A. Clark
245 1 0 _aEl hijo del brujo / A. Clark Scanlon ; Olivia S. D. de Lerín, Traductor
260 _aEl Paso, TX., USA: Casa Bautista de Publicaciones
300 _a75 Pag
500 _aTítulo original : Witch doctor's son
001 7777
942 _cBK
999 _c37982
_d37982
336 _atexto
_btxt
_2rdacontent
337 _2rdamedia
_asin mediación
_bn
338 _2rdacarrier
_avolumen
_bnc